000 00378nam a2200157Ia 4500
003 Ost
005 20260225132552.0
008 260225s9999||||xx |||||||||||||| ||und||
040 _cfsic
041 _afre
082 _a440
100 _aLamine Benallou
_eAuteur
245 0 _aEssai de bibiliographie linguistique Algérienne /
245 0 _cLamine Benallou
942 _cكتاب
999 _c34242
_d34242